La polt̕ica alimentaria en Mx̌ico

Detalles Bibliográficos
Autor principal: ℓvila Curiel, Abelardo
Otros Autores: Flores Sǹchez, Jess︢, Rangel Faz, Gabriela
Formato: eBook
Lenguaje:español
Publicado: Ciudad de Mx̌ico: Cm̀ara de Diputados, 2011
Materias:
Acceso en línea:Acceso restringido

MARC

LEADER 00000nam a22000007a 4500
005 20170822213052.0
007 cr|||| ||||
008 170822s2011 mx |||||s||||f00||0 spa d
020 |a 978-607-7919-26-1 
035 |a 20420 
040 |a vLex 
090 |c 6826  |d 6826 
100 1 |a ℓvila Curiel, Abelardo 
245 1 2 |a La polt̕ica alimentaria en Mx̌ico  |h [Recurso electrn̤ico] /  |c Abelardo ℓvila Curiel, Jess︢ Flores Sǹchez, Gabriela Rangel Faz 
256 |a Servicio en ln̕ea 
260 |a Ciudad de Mx̌ico:  |b Cm̀ara de Diputados,  |c 2011 
300 |a 1 recurso electrn̤ico 
506 1 |a Disponible solo en los productos indicados  |d vLex Global  |d vLex Global (Academic Edition, excluding Law Schools)  |d vLex Global (U.S. Academic Edition, Law Schools)  |d vLex Global (U.S. Academic Edition, excluding Law Schools)  |d vLex Global (Academic Edition, Law Schools) 
650 0 4 |a Derecho Pb︢lico y Administrativo  |z Mx̌ico 
700 1 |a Flores Sǹchez, Jess︢ 
700 1 |a Rangel Faz, Gabriela 
740 0 |a vLex Libros (Servicio en ln̕ea) 
856 4 0 |u http://vlex.com/source/politica-alimentaria-en-mexico-20420  |z Acceso restringido 
942 |c BOOK 
999 0 |a Public and Administrative Law